| 000 | 00987nam a2200277 i 4500 | ||
|---|---|---|---|
| 001 | 000029410 | ||
| 003 | DO-SdBNP | ||
| 005 | 20240307073942.0 | ||
| 007 | ta | ||
| 008 | 110415s2006 dr 000 0 spa d | ||
| 040 |
_aDO-SdBNP _bspa _cBNPHU _erda |
||
| 049 | _aBNPD | ||
| 082 | 4 |
_bR426p _222 |
|
| 110 | 1 |
_aRepública Dominicana _bSecretaría de estado de Educación. Oficina de Cooperación Internacional _956287 |
|
| 245 | 1 | 0 | _aParticipación de la sociedad civil en la educación dominicana. |
| 264 |
_aSanto Domingo _bUNESCO : _bINTEC : _bOCI-SEE, _c2006. |
||
| 300 |
_a70 páginas ; _c21 cm. |
||
| 336 |
_2rdacontent _atexto _btxt |
||
| 337 |
_2rdamedia _asin mediación _bn |
||
| 338 |
_2rdacarrier _avolumen _bnc |
||
| 590 | _aInventariado, 2023/BT | ||
| 710 | 1 |
_aRepública Dominicana _956288 _bSecretaría de Estado de Educación SEE |
|
| 710 | 1 |
_aOficina de Cooperación Internacional _956289 |
|
| 710 | 2 |
_aInstituto Tecnológico de Santo Domingo _978911 |
|
| 942 |
_2ddc _cLF2 |
||
| 999 |
_c28902 _d28902 |
||